000 02014cad a2200313 4500
001 L159827
008 040913n2018 000 0 eng u
035 _a(Sirsi) u159827
041 _aeng
110 2 _aRoyal Institution of Chartered Surveyors
_94900
245 0 0 _aRegenerative landscapes
_bRejuvenation of linked livelihoods and catchment ecosystem services
_h[electronic resource]
260 _aLondon,
_bRICS,
_c2018
300 _a54p.
490 0 _aRICS Research
505 2 _aIntroduction -- Research Methods -- Main findings: Rehydrating the drylands -- Reanimating Rajasthan?s desert edge in Alwar District -- Restoring water and livelihoods square by square in Jaipur District -- Water resource recharge elsewhere in India and beyond -- Trees, water and livelihoods -- Restoration of tropical dry evergreen forest on the Coromandel Coast -- Other forest- and tree-related initiatives underpinning SESs -- Landscape management for multiple ecosystem services -- Landscape-scale regeneration of water, nutrients and soils -- Catchment ecosystem services for water quality -- Landscape approaches to water quantity management -- Farming for human wellbeing -- Principles of success -- Acknowledgments -- References -- Appendix 1 Out-scaling regenerative water management across Rajasthan -- Appendix 2 Influencing intensive farming towards a more regenerative path
520 _aHighlights the need and the means for rebuilding carrying capacity across rural, urban and other cultural landscapes, with a significant emphasis on water.
650 2 4 _aSUSTAINABILITY
_96271
650 2 4 _aECOSYSTEMS
650 2 4 _aWATER
650 2 4 _aENVIRONMENTAL AND LAND CONSULTANCY-WATER RESOURCE MANAGEMENT
650 2 4 _aLANDSCAPE MANAGEMENT
650 2 4 _aFORESTATION
650 2 4 _aREGENERATION
651 4 _aUnited Kingdom
690 _aEnvironment
_96238
700 1 _aEverard, M
856 4 1 _uhttps://www.rics.org/news-insights/regenerative-landscapes
_zAvailable on RICS.org
942 _n0
_2ddc
999 _c116131
_d116131